Khí tượng thủy văn
Gespeichert in:
| Format: | Buch |
|---|---|
| Sprache: | Undetermined |
| Veröffentlicht: |
Hà Nôi
Khoa học Kỹ Thuật
2019
|
| Schlagworte: | |
| Tags: |
Tag hinzufügen
Keine Tags, Fügen Sie den ersten Tag hinzu!
|
| Thư viện lưu trữ: | Trung tâm Học liệu Trường Đại học Cần Thơ |
|---|
| LEADER | 00522nam a2200181Ia 4500 | ||
|---|---|---|---|
| 001 | CTU_233633 | ||
| 008 | 210402s9999 xx 000 0 und d | ||
| 020 | |c 25000 | ||
| 082 | |a 551.57 | ||
| 082 | |b Kh300 | ||
| 245 | 0 | |a Khí tượng thủy văn | |
| 245 | 0 | |c Khoa học Kỹ Thuật | |
| 260 | |a Hà Nôi | ||
| 260 | |b Khoa học Kỹ Thuật | ||
| 260 | |c 2019 | ||
| 650 | |a Hydrometeorology,Khí tượng thủy văn | ||
| 904 | |i Ngọc Mai | ||
| 980 | |a Trung tâm Học liệu Trường Đại học Cần Thơ | ||